000 00709nam a2200193 i 4500
001 104044
003 ES-MaACL
005 20230906183510.0
007 t|
008 051122s1960 sp ||||1| spa d
100 1 _aMichaëlsson, Karl.
_980864
245 1 0 _aEntre el cisne y el buho /
_cpor Karl Michaëlsson.
260 _aBarcelona :
_bInstituto Internacional de Cultura Románica,
_c1960.
300 _a21 p. ;
_c24 cm.
500 _aPrecede al Tít.: Miscelánea filológica dedicada a mons A. Griera.
500 _aEs tirada aparte de: Miscelánea filológica dedicada a mons. A. Griera.
710 2 _aInstituto Internacional de Cultura Románica.
_95096
852 _aES-MaACL
_j2083-F-6
_bR.51371
999 _c104044
_d104044